| 000 | 00392nam a2200157 4500 | ||
|---|---|---|---|
| 005 | 20260220131813.0 | ||
| 008 | CUC123 | ||
| 020 | _a9780070611801 | ||
| 050 |
_aHF5657.4 KHA _b1 |
||
| 100 | _aKHAN, M. Y | ||
| 245 |
_aMANGEMENT ACCOUNTING SND FINANCIAL ANALYSIS: _b FOR CA FINAL EXAMINATIONS |
||
| 250 | _a2nd | ||
| 260 |
_aNEW DELHI _bTATA _c2006c |
||
| 700 | _aJAIN P.K | ||
| 942 |
_2lcc _cBK _n0 |
||
| 999 |
_c8795 _d8795 |
||